[Event "Titled Tuesday intern op 06th May Early"]
[Site "Chess.com INT"]
[Date "2025.05.06"]
[Round "2"]
[White "Alonso, Raphael VP Patricio"]
[Black "Kis, Lorand Bela"]
[Result "1-0"]
[WhiteElo "2130"]
[BlackElo "1955"]
[PlyCount "125"]
[EventDate "2025.05.06"]
[EventType "swiss (blitz)"]
[EventRounds "11"]
[EventCountry "USA"]
[SourceTitle "CB20_2025"]
[SourceDate "2025.05.14"]
[SourceVersion "1"]
[SourceVersionDate "2025.05.14"]
[SourceQuality "1"]

1. b4 d6 2. Bb2 Nd7 3. g3 Ngf6 4. Bg2 g6 5. e3 Bg7 6. Ne2 0-0 7. a3 a6 8. 0-0 Rb8 9. c4 c5 10. Nbc3 b5 11. cxb5 axb5 12. d3 Bb7 13. Bxb7 Rxb7 14. Rc1 Qa8 15. d4 cxb4 16. axb4 Rc8 17. Qd3 Qb8 18. Ra1 Nb6 19. Ra2 Nc4 20. Rfa1 e6 21. Nc1 Nd7 22. Nb3 Ndb6 23. Bc1 Na4 24. Nxa4 bxa4 25. Rxa4 Rxb4 26. Nd2 Nxd2 27. Bxd2 Rxa4 28. Rxa4 d5 29. Bb4 h6 30. Bc5 Qb2 31. Ra7 Rb8 32. Kg2 Qc1 33. Qa3 Qd1 34. Ra8 Rxa8 35. Qxa8+ Kh7 36. Qb7 Kg8 37. Qc8+ Kh7 38. Qe8 Qd3 39. Qxf7 Qe4+ 40. Kg1 Qb1+ 41. Kg2 Qe4+ 42. Qf3 Qd3 43. h4 h5 44. Be7 Qc2 45. Qf7 Qe4+ 46. Kh2 Qf5 47. Qxf5 gxf5 48. Kg2 e5 49. Bc5 Kg6 50. Kf3 Kf7 51. dxe5 Bxe5 52. Bd4 Bd6 53. Ke2 Ke6 54. Kd3 Be7 55. Kc3 Bd8 56. Kb3 Ba5 57. Bc3 Bb6 58. Kc2 Bc7 59. Kd3 Bb6 60. Bd4 Ba5 61. Ke2 Bb4 62. Kf3 Ba5 63. Kf4 1-0

[Event "Titled Tuesday intern op 04th Mar Early"]
[Site "Chess.com INT"]
[Date "2025.03.04"]
[Round "11"]
[White "Alonso, Raphael VP Patricio"]
[Black "Kopczynski, Michal"]
[Result "1-0"]
[WhiteElo "2130"]
[BlackElo "2225"]
[PlyCount "111"]
[EventDate "2025.03.04"]
[EventType "swiss (blitz)"]
[EventRounds "11"]
[EventCountry "USA"]
[SourceTitle "CB11_2025"]
[SourceDate "2025.03.12"]
[SourceVersion "1"]
[SourceVersionDate "2025.03.12"]
[SourceQuality "1"]

1. Nf3 d6 2. d4 Nf6 3. b3 g6 4. Bb2 Bg7 5. e3 0-0 6. Be2 Nfd7 7. 0-0 Nc6 8. c4 e5 9. dxe5 Ndxe5 10. Nc3 Be6 11. Qd2 Rb8 12. Nd4 Bd7 13. Rac1 Nxd4 14. exd4 Ng4 15. h3 Nh6 16. Rfd1 Qh4 17. Nd5 c6 18. Qf4 Nf5 19. Qxh4 Nxh4 20. Ne3 Rfe8 21. Rc3 Nf5 22. Rcd3 Nxe3 23. fxe3 Bf5 24. Rc3 Re6 25. Kf2 Rbe8 26. Bf3 h5 27. b4 Bf6 28. Bc1 Bh4+ 29. g3 Bf6 30. h4 Bg4 31. b5 c5 32. Ra3 cxd4 33. exd4 Bxf3 34. Kxf3 Re1 35. Rxe1 Rxe1 36. Be3 a6 37. bxa6 bxa6 38. Rxa6 Ra1 39. Rxd6 Kg7 40. c5 Rxa2 41. c6 Rc2 42. d5 Rc3 43. Ke2 Be5 44. Rd7 Kf8 45. Rd8+ Ke7 46. Rd7+ Ke8 47. Bg5 f6 48. Bf4 Bd4 49. Kd2 Rc4 50. Kd3 Ra4 51. d6 Bb6 52. Re7+ Kd8 53. c7+ Bxc7 54. dxc7+ Kc8 55. Re8+ Kd7 56. c8Q# 1-0

[Event "Titled Tuesday intern op 04th Mar Early"]
[Site "Chess.com INT"]
[Date "2025.03.04"]
[Round "3"]
[White "Souza, Gustavo Horokoski"]
[Black "Alonso, Raphael VP Patricio"]
[Result "0-1"]
[WhiteElo "1947"]
[BlackElo "2130"]
[PlyCount "74"]
[EventDate "2025.03.04"]
[EventType "swiss (blitz)"]
[EventRounds "11"]
[EventCountry "USA"]
[SourceTitle "CB11_2025"]
[SourceDate "2025.03.12"]
[SourceVersion "1"]
[SourceVersionDate "2025.03.12"]
[SourceQuality "1"]

1. c4 g6 2. Nc3 Bg7 3. g3 d6 4. Bg2 Nf6 5. d3 0-0 6. Nf3 c5 7. Bd2 Nc6 8. 0-0 a6 9. a3 Rb8 10. Rb1 b5 11. cxb5 axb5 12. b4 cxb4 13. axb4 Bd7 14. Qc2 Qb6 15. Be3 Qb7 16. Nd4 Nxd4 17. Bxd4 Bc6 18. Bxc6 Qxc6 19. Rfc1 Rfc8 20. Qd2 e5 21. Be3 Qb7 22. Nd1 Nd5 23. Rxc8+ Rxc8 24. Bh6 Bxh6 25. Qxh6 Rc2 26. e4 Nf6 27. Ne3 Rc3 28. Qg5 Kg7 29. Ng4 Nxg4 30. Qxg4 Rxd3 31. Rd1 Rxd1+ 32. Qxd1 Qxe4 33. Qxd6 Qd4 34. Qc5 Qxc5 35. bxc5 Kf6 36. Kf1 Ke6 37. Ke2 Kd5 0-1

[Event "Titled Tuesday intern op 11th Feb Early"]
[Site "Chess.com INT"]
[Date "2025.02.11"]
[Round "5"]
[White "Alonso, Raphael VP Patricio"]
[Black "Kohler, Aran"]
[Result "1/2-1/2"]
[WhiteElo "2130"]
[BlackElo "2060"]
[PlyCount "145"]
[EventDate "2025.02.11"]
[EventType "swiss (blitz)"]
[EventRounds "11"]
[EventCountry "USA"]
[SourceTitle "CB08_2025"]
[SourceDate "2025.02.19"]
[SourceVersion "1"]
[SourceVersionDate "2025.02.19"]
[SourceQuality "1"]

1. d4 Nf6 2. c4 e6 3. Nc3 Bb4 4. Nf3 Bxc3+ 5. bxc3 c5 6. e3 Qa5 7. Bd2 d6 8. Bd3 h6 9. 0-0 0-0 10. Qe2 Nc6 11. Rfc1 e5 12. e4 Bg4 13. h3 Bxf3 14. gxf3 Nh5 15. d5 Ne7 16. Rab1 Qc7 17. f4 Nxf4 18. Bxf4 exf4 19. e5 dxe5 20. d6 Qxd6 21. Rxb7 Ng6 22. Be4 Rad8 23. Bd5 Rd7 24. Rcb1 Rxb7 25. Rxb7 Kh7 26. Bxf7 Qf6 27. Bd5 f3 28. Qe4 Qg5+ 29. Qg4 Qc1+ 30. Kh2 Qf1 31. Qg3 Rf4 32. Bf7 Qg2+ 33. Qxg2 fxg2 34. Bxg6+ Kxg6 35. Kxg2 Rxc4 36. Rxa7 Rxc3 37. a4 Kf6 38. a5 Ra3 39. a6 c4 40. Ra8 c3 41. a7 Kg6 42. Rc8 Rxa7 43. Rxc3 Ra4 44. Kf3 Kf5 45. Rc7 Rf4+ 46. Kg3 g5 47. Rh7 Rh4 48. Rf7+ Ke4 49. Ra7 Rf4 50. Rh7 Rh4 51. Ra7 Rf4 52. Ra6 h5 53. Rg6 h4+ 54. Kg2 Rf5 55. Rg8 Kf4 56. Ra8 e4 57. Ra4 Re5 58. f3 Ke3 59. fxe4 Rxe4 60. Ra5 Kf4 61. Ra8 Re2+ 62. Kf1 Rb2 63. Ra3 g4 64. hxg4 Kxg4 65. Kg1 h3 66. Ra1 Rg2+ 67. Kh1 Rf2 68. Rg1+ Kf3 69. Ra1 h2 70. Ra3+ Ke2 71. Ra2+ Kf1 72. Rxf2+ Kxf2 73. Kxh2 1/2-1/2

[Event "Titled Tuesday intern op 11th Feb Early"]
[Site "Chess.com INT"]
[Date "2025.02.11"]
[Round "7"]
[White "Zepeda Berlanga, Jan Enrique"]
[Black "Alonso, Raphael VP Patricio"]
[Result "1-0"]
[WhiteElo "1979"]
[BlackElo "2130"]
[PlyCount "95"]
[EventDate "2025.02.11"]
[EventType "swiss (blitz)"]
[EventRounds "11"]
[EventCountry "USA"]
[SourceTitle "CB08_2025"]
[SourceDate "2025.02.19"]
[SourceVersion "1"]
[SourceVersionDate "2025.02.19"]
[SourceQuality "1"]

1. e4 c5 2. h3 g6 3. c3 d5 4. exd5 Qxd5 5. d4 Nf6 6. Nf3 Bg7 7. Be2 cxd4 8. cxd4 0-0 9. 0-0 e6 10. Nc3 Qd6 11. Be3 a6 12. Qd2 b5 13. a3 Bb7 14. Rac1 Nc6 15. Bh6 Rfd8 16. Rfd1 Rac8 17. Bxg7 Kxg7 18. Qg5 Nd5 19. Ne4 Qf4 20. Nc5 Ba8 21. g3 Qxg5 22. Nxg5 Nc7 23. Nf3 Kf6 24. Rc3 Nd5 25. Rc2 Nce7 26. Rdc1 Rc6 27. Ne5 Rcd6 28. Ne4+ Kg7 29. Nxd6 Rxd6 30. Bf3 Rd8 31. Bg2 Nf5 32. Rd1 Nb6 33. Bxa8 Rxa8 34. Rc7 Rf8 35. Ra7 Na4 36. g4 Nd6 37. Rd2 Ne4 38. Re2 Ng5 39. Kg2 b4 40. Rxa6 bxa3 41. Rxa4 axb2 42. Rxb2 Rd8 43. Rb7 Rd5 44. h4 h6 45. hxg5 hxg5 46. Rxf7+ Kh6 47. Raa7 Rd7 48. Nd3 1-0

[Event "Titled Tuesday intern op 04th Feb Late"]
[Site "Chess.com INT"]
[Date "2025.02.04"]
[Round "6"]
[White "Alonso, Raphael VP Patricio"]
[Black "Aldokhin, Ivan"]
[Result "1-0"]
[WhiteElo "2130"]
[BlackElo "2413"]
[PlyCount "97"]
[EventDate "2025.02.04"]
[EventType "swiss (blitz)"]
[EventRounds "11"]
[EventCountry "USA"]
[SourceTitle "CB07_2025"]
[SourceDate "2025.02.12"]
[SourceVersion "1"]
[SourceVersionDate "2025.02.12"]
[SourceQuality "1"]

1. Nf3 Nf6 2. b3 g6 3. Bb2 Bg7 4. e3 0-0 5. d4 d6 6. Be2 b6 7. 0-0 Bb7 8. c4 Nbd7 9. d5 c6 10. dxc6 Bxc6 11. Nd4 Bb7 12. Nc3 a6 13. Bf3 Qb8 14. Nc6 Bxc6 15. Bxc6 Ra7 16. g3 Ne5 17. Bg2 b5 18. cxb5 axb5 19. Qe2 b4 20. Na4 Rc8 21. Rac1 Rac7 22. f4 Ned7 23. e4 Nc5 24. Nxc5 Rxc5 25. Rxc5 Rxc5 26. e5 Nd7 27. e6 Bxb2 28. exf7+ Kxf7 29. Qxb2 Nf6 30. h3 h5 31. Qd2 Rc3 32. Kh2 Qb6 33. f5 gxf5 34. Rxf5 Qe3 35. Qxe3 Rxe3 36. Rf4 Re2 37. Rxb4 Rxa2 38. Kg1 d5 39. Rd4 Ke6 40. g4 hxg4 41. hxg4 Ke5 42. Ra4 Rb2 43. g5 Nd7 44. g6 Nf6 45. Rb4 Rb1+ 46. Kf2 Rb2+ 47. Kg3 e6 48. g7 Kf5 49. Rf4+ 1-0

[Event "Titled Tuesday intern op 04th Feb Late"]
[Site "Chess.com INT"]
[Date "2025.02.04"]
[Round "4"]
[White "Alonso, Raphael VP Patricio"]
[Black "Keleberda, Timur"]
[Result "1/2-1/2"]
[WhiteElo "2130"]
[BlackElo "2307"]
[PlyCount "271"]
[EventDate "2025.02.04"]
[EventType "swiss (blitz)"]
[EventRounds "11"]
[EventCountry "USA"]
[SourceTitle "CB07_2025"]
[SourceDate "2025.02.12"]
[SourceVersion "1"]
[SourceVersionDate "2025.02.12"]
[SourceQuality "1"]

1. Nf3 a6 2. b3 Nf6 3. Bb2 e6 4. e3 Be7 5. c4 0-0 6. Be2 b6 7. 0-0 Bb7 8. d4 d6 9. Nc3 Nbd7 10. Rc1 Ne4 11. d5 Nxc3 12. Bxc3 e5 13. Nd2 f5 14. f4 g6 15. Bd3 Bf6 16. b4 Qe7 17. Bb1 exf4 18. Bxf6 Qxe3+ 19. Kh1 Rxf6 20. Nf3 Ne5 21. Re1 Ng4 22. Rxe3 Nf2+ 23. Kg1 Nxd1 24. Re2 Ne3 25. g3 Nxc4 26. Rxc4 Bxd5 27. Rxf4 c5 28. Rd2 Bf7 29. a3 Kg7 30. Ng5 Bg8 31. Rf1 h6 32. Nh3 Re8 33. Rfd1 Re3 34. Rd3 Rxd3 35. Bxd3 b5 36. Nf4 c4 37. Be2 Bf7 38. Kf2 g5 39. Ng2 d5 40. Ne1 Rd6 41. Nf3 Kf6 42. Nd4 Ke5 43. Ke3 f4+ 44. gxf4+ gxf4+ 45. Kf2 Bg6 46. Bf3 Be4 47. Ne2 d4 48. Re1 Bxf3 49. Kxf3 Kf5 50. Nxf4 d3 51. Ng2 c3 52. Ne3+ Kf6 53. Rc1 d2 54. Rxc3 d1Q+ 55. Nxd1 Rxd1 56. Rc6+ Kg5 57. Rxa6 Rd3+ 58. Kg2 Rd5 59. Rb6 h5 60. h3 Kh4 61. Rh6 Rd2+ 62. Kf1 Rd3 63. Rb6 Rxa3 64. Rxb5 Rxh3 65. Kg2 Rb3 66. Kh2 Rb2+ 67. Kg1 Kg4 68. Rb8 h4 69. Rg8+ Kh3 70. Rb8 Rb1+ 71. Kf2 Kh2 72. b5 h3 73. b6 Rb2+ 74. Kf1 Kh1 75. b7 h2 76. Ke1 Rb6 77. Kf2 Rb2+ 78. Kf1 Rb3 79. Ke2 Rb4 80. Kf2 Rb5 81. Kf1 Rb2 82. Ke1 Kg2 83. Rg8+ Kf3 84. Rf8+ Ke4 85. Rh8 Rxb7 86. Rxh2 Rb1+ 87. Kf2 Kf4 88. Rh4+ Kg5 89. Re4 Rb2+ 90. Re2 Rb6 91. Re3 Kf4 92. Re2 Rh6 93. Re8 Rh2+ 94. Kg1 Ra2 95. Rf8+ Ke3 96. Re8+ Kd4 97. Rd8+ Ke5 98. Re8+ Kf6 99. Re3 Ra1+ 100. Kg2 Ra6 101. Rf3+ Ke5 102. Re3+ Kf4 103. Rb3 Rg6+ 104. Kf2 Rg8 105. Rb4+ Ke5 106. Rc4 Rh8 107. Kg2 Kd5 108. Rg4 Rc8 109. Rg5+ Ke4 110. Rg4+ Ke3 111. Rg3+ Ke2 112. Rg7 Re8 113. Rf7 Ke3 114. Rg7 Rf8 115. Re7+ Kf4 116. Ra7 Rc8 117. Ra4+ Kf5 118. Ra5+ Ke4 119. Ra4+ Kf5 120. Ra5+ Kf6 121. Ra6+ Kf7 122. Ra4 Rc3 123. Rf4+ Ke6 124. Rf3 Rc2+ 125. Rf2 Rc8 126. Re2+ Kf5 127. Re7 Rg8+ 128. Kf2 Ra8 129. Rb7 Ra2+ 130. Ke3 Ra3+ 131. Kd2 Ra8 132. Rb4 Rh8 133. Kc3 Ke5 134. Rg4 Rh3+ 135. Kc4 Rh1 136. Kd3 1/2-1/2

[Event "Titled Tuesday intern op 04th Feb Late"]
[Site "Chess.com INT"]
[Date "2025.02.04"]
[Round "7"]
[White "Hayrapetyan, Edgar"]
[Black "Alonso, Raphael VP Patricio"]
[Result "1-0"]
[WhiteElo "2137"]
[BlackElo "2130"]
[PlyCount "57"]
[EventDate "2025.02.04"]
[EventType "swiss (blitz)"]
[EventRounds "11"]
[EventCountry "USA"]
[SourceTitle "CB07_2025"]
[SourceDate "2025.02.12"]
[SourceVersion "1"]
[SourceVersionDate "2025.02.12"]
[SourceQuality "1"]

1. e4 g6 2. d4 Bg7 3. Nc3 d6 4. Be3 a6 5. f3 b5 6. h4 h6 7. Qd2 Bb7 8. Nge2 Nd7 9. h5 g5 10. Ng3 e6 11. a3 Rc8 12. Bd3 c5 13. dxc5 Nxc5 14. 0-0 Nf6 15. Rad1 Qe7 16. Be2 d5 17. exd5 Nxd5 18. Nxd5 Bxd5 19. c3 f5 20. Bf2 Bb3 21. Rde1 Qd7 22. Qxd7+ Nxd7 23. Nxf5 exf5 24. Bc4+ Ne5 25. Bxb3 Ke7 26. Bd4 Kd6 27. Rd1 Kc7 28. Be6 Rcf8 29. Rfe1 1-0

[Event "Titled Tuesday intern op 04th Feb Early"]
[Site "Chess.com INT"]
[Date "2025.02.04"]
[Round "1"]
[White "Suleymanli, Suleyman"]
[Black "Alonso, Raphael VP Patricio"]
[Result "1-0"]
[WhiteElo "2291"]
[BlackElo "2130"]
[PlyCount "75"]
[EventDate "2025.02.04"]
[EventType "swiss (blitz)"]
[EventRounds "11"]
[EventCountry "USA"]
[SourceTitle "CB07_2025"]
[SourceDate "2025.02.12"]
[SourceVersion "1"]
[SourceVersionDate "2025.02.12"]
[SourceQuality "1"]

1. e4 c5 2. Nf3 g6 3. c3 d5 4. exd5 Qxd5 5. d4 Nf6 6. Be2 cxd4 7. 0-0 Bg7 8. cxd4 0-0 9. Nc3 Qd8 10. Qb3 e6 11. Bg5 Nc6 12. Rfd1 Qb6 13. Qxb6 axb6 14. Rac1 h6 15. Bf4 Nd5 16. Nxd5 exd5 17. Bc7 Rxa2 18. Rc2 Bf5 19. Rcd2 h5 20. Bf1 Bg4 21. Bxb6 Re8 22. h3 Bxf3 23. gxf3 Ra4 24. Bc5 Bh6 25. Rd3 Nb4 26. Rb3 Nc6 27. Rxb7 Bg7 28. Bb5 Rxd4 29. Bxd4 Nxd4 30. Bxe8 Nxf3+ 31. Kh1 f6 32. Bxg6 Ne5 33. Bf5 Bf8 34. Rxd5 Nf7 35. Be6 Kh8 36. Rxf7 Bg7 37. Rd8+ Bf8 38. Rdxf8# 1-0

[Event "Titled Tuesday intern op 28th Jan Early"]
[Site "Chess.com INT"]
[Date "2025.01.28"]
[Round "9"]
[White "De Souza, Cristiano Gomes"]
[Black "Alonso, Raphael VP Patricio"]
[Result "0-1"]
[WhiteElo "2018"]
[BlackElo "2130"]
[PlyCount "64"]
[EventDate "2025.01.28"]
[EventType "swiss (blitz)"]
[EventRounds "11"]
[EventCountry "USA"]
[SourceTitle "CB06_2025"]
[SourceDate "2025.02.05"]
[SourceVersion "1"]
[SourceVersionDate "2025.02.05"]
[SourceQuality "1"]

1. d4 g6 2. Nf3 Bg7 3. c4 Nf6 4. Nc3 0-0 5. e4 d6 6. Be2 e5 7. 0-0 Bg4 8. d5 a5 9. Be3 Na6 10. Nd2 Bxe2 11. Qxe2 Nd7 12. f3 f5 13. a3 f4 14. Bf2 g5 15. Rab1 b6 16. b4 axb4 17. axb4 h5 18. Rb2 Qf6 19. Ra1 Qg6 20. c5 bxc5 21. Rxa6 Rab8 22. b5 g4 23. Bh4 g3 24. h3 Rf7 25. Nc4 Nf8 26. b6 cxb6 27. Raxb6 Rxb6 28. Rxb6 Rd7 29. Nb5 Qe8 30. Nbxd6 Qa8 31. Qb2 Qa4 32. Kf1 Qd1# 0-1

[Event "Titled Tuesday intern op 21st Jan Late"]
[Site "Chess.com INT"]
[Date "2025.01.21"]
[Round "11"]
[White "Alonso, Raphael VP Patricio"]
[Black "Clawitter, Craig"]
[Result "1-0"]
[WhiteElo "2130"]
[BlackElo "2050"]
[PlyCount "65"]
[EventDate "2025.01.21"]
[EventType "swiss (blitz)"]
[EventRounds "11"]
[EventCountry "USA"]
[SourceTitle "CB05_2025"]
[SourceDate "2025.01.29"]
[SourceVersion "1"]
[SourceVersionDate "2025.01.29"]
[SourceQuality "1"]

1. g3 d5 2. Bg2 Nf6 3. c4 e6 4. Nf3 Be7 5. 0-0 0-0 6. b3 d4 7. e3 c5 8. exd4 cxd4 9. Ne5 Nfd7 10. Nxd7 Qxd7 11. d3 Nc6 12. Ba3 e5 13. Re1 f6 14. Qc1 Qc7 15. Bxe7 Qxe7 16. a3 a5 17. Nd2 Bf5 18. Ne4 Nd8 19. Qd2 Ne6 20. b4 Qc7 21. c5 Ra7 22. Nd6 Bg6 23. Nb5 Qb8 24. Nxa7 Qxa7 25. Bd5 Bf7 26. f4 Ra8 27. Qa2 Nd8 28. fxe5 axb4 29. e6 Be8 30. e7+ Nf7 31. Bxf7+ Bxf7 32. e8Q+ Rxe8 33. Rxe8# 1-0

[Event "Titled Tuesday intern op 21st Jan Late"]
[Site "Chess.com INT"]
[Date "2025.01.21"]
[Round "10"]
[White "Sriniaiyer, Sudarshan"]
[Black "Alonso, Raphael VP Patricio"]
[Result "1-0"]
[WhiteElo "2182"]
[BlackElo "2130"]
[PlyCount "45"]
[EventDate "2025.01.21"]
[EventType "swiss (blitz)"]
[EventRounds "11"]
[EventCountry "USA"]
[SourceTitle "CB05_2025"]
[SourceDate "2025.01.29"]
[SourceVersion "1"]
[SourceVersionDate "2025.01.29"]
[SourceQuality "1"]

1. e4 g6 2. d4 Bg7 3. Nc3 d6 4. Be3 a6 5. h4 h6 6. h5 g5 7. f4 gxf4 8. Bxf4 Nc6 9. Be3 e5 10. d5 Nd4 11. Qd2 Bg4 12. Nge2 Bxe2 13. Nxe2 c5 14. dxc6 Nxc6 15. 0-0-0 Nge7 16. Qxd6 Qxd6 17. Rxd6 0-0 18. Ng3 f5 19. Bc4+ Kh7 20. exf5 Nd4 21. Bd3 Rf6 22. Rd7 Nec6 23. Ne4 1-0

[Event "Titled Tuesday intern op 14th Jan Early"]
[Site "Chess.com INT"]
[Date "2025.01.14"]
[Round "4"]
[White "Alonso, Raphael VP Patricio"]
[Black "Jakovljevic, Dejan"]
[Result "1-0"]
[WhiteElo "2130"]
[BlackElo "1956"]
[PlyCount "85"]
[EventDate "2025.01.14"]
[EventType "swiss (blitz)"]
[EventRounds "11"]
[EventCountry "USA"]
[SourceTitle "CB04_2025"]
[SourceDate "2025.01.22"]
[SourceVersion "1"]
[SourceVersionDate "2025.01.22"]
[SourceQuality "1"]

1. d4 Nf6 2. c4 e5 3. dxe5 Ng4 4. Nf3 Bc5 5. e3 Nc6 6. Nc3 Ngxe5 7. Nxe5 Nxe5 8. Be2 a5 9. 0-0 0-0 10. b3 Ra6 11. Bb2 Rh6 12. h3 d6 13. Ne4 Bxh3 14. Bxe5 Qh4 15. Bg3 Qxe4 16. gxh3 Rxh3 17. Bf3 Qg6 18. Bg2 Rxg3 19. fxg3 Qxg3 20. Qf3 Bxe3+ 21. Kh1 Qh4+ 22. Qh3 Qxh3+ 23. Bxh3 g6 24. Rae1 Bg5 25. Rg1 Bh4 26. Re4 Bf2 27. Rf1 Bb6 28. Rf6 Kg7 29. Rf1 f5 30. Re7+ Kh6 31. Kg2 f4 32. Kf3 g5 33. Be6 Kg6 34. Bd5 h5 35. Rh1 g4+ 36. Kg2 f3+ 37. Kg3 Bd4 38. Be4+ Kf6 39. Rh7 Be5+ 40. Kf2 Kg5 41. R7xh5+ Kf4 42. Bxf3 gxf3 43. R1h4# 1-0

[Event "Titled Tuesday intern op 14th Jan Early"]
[Site "Chess.com INT"]
[Date "2025.01.14"]
[Round "9"]
[White "Alonso, Raphael VP Patricio"]
[Black "Landivar, Matias"]
[Result "0-1"]
[WhiteElo "2130"]
[BlackElo "2014"]
[PlyCount "85"]
[EventDate "2025.01.14"]
[EventType "swiss (blitz)"]
[EventRounds "11"]
[EventCountry "USA"]
[SourceTitle "CB04_2025"]
[SourceDate "2025.01.22"]
[SourceVersion "1"]
[SourceVersionDate "2025.01.22"]
[SourceQuality "1"]

1. d4 Nf6 2. c4 c5 3. Nf3 b5 4. cxb5 a6 5. dxc5 axb5 6. e3 e6 7. Bxb5 Bxc5 8. 0-0 0-0 9. Nc3 Ba6 10. Bxa6 Nxa6 11. Bd2 Qb8 12. Rb1 Nb4 13. a3 Nd3 14. Qc2 Ne5 15. Nxe5 Qxe5 16. b4 Bd6 17. f4 Qh5 18. a4 Rfc8 19. Qd1 Qf5 20. b5 Qd3 21. b6 Rab8 22. Ne2 Bc5 23. a5 Ne4 24. Bc1 Qxb1 25. Qxd7 Qc2 26. Nd4 Bxd4 27. Qxd4 Nc3 28. Qd2 Ne2+ 29. Kh1 Nxc1 30. Qd7 Qc4 31. Rg1 Ne2 32. Re1 Qc3 33. Rf1 Qxe3 34. b7 Rd8 35. Qc7 Nxf4 36. a6 Nd5 37. Qxb8 Rxb8 38. Ra1 Qa7 39. Rc1 Nb6 40. Rc7 Qxa6 41. Rc1 Qxb7 42. Rd1 Nd5 43. Rb1 0-1